MARC

LEADER 00000nam0a2200000 4500
001 263816
005 20231101233756.0
035 |a (RuTPU)RU\TPU\book\286806 
090 |a 263816 
100 |a 20140611d1960 k y0rusy50 ca 
101 0 |a rus 
102 |a RU 
105 |a a z 001zy 
200 1 |a Механизм окисления углеводородов в газовой фазе  |f В. Я. Штерн  |g Академия наук СССР (АН СССР), Институт нефтехимического синтеза им. А. В. Топчиева (ИНХС) 
210 |a Москва  |c Изд-во АН СССР  |d 1960 
215 |a 496 с.  |c ил. 
320 |a Библиогр. в конце ст. 
606 1 |a Углеводороды  |x Окисление  |2 stltpush  |3 (RuTPU)RU\TPU\subj\75992  |9 87473 
610 1 |a механизм 
610 1 |a газовые фазы 
610 1 |a химические реакции 
610 1 |a экспериментальные исследования 
675 |a 547.2/.3:544.4  |v 3 
700 1 |a Штерн  |b В. Я.  |g Владимир Яковлевич 
712 0 2 |a Академия наук СССР (АН СССР)  |b Институт нефтехимического синтеза им. А. В. Топчиева (ИНХС)  |c (Москва)  |c (1958-1991)  |2 stltpush  |3 (RuTPU)RU\TPU\col\12241 
801 1 |a RU  |b 63413507  |c 20140611 
801 2 |a RU  |b 63413507  |c 20180409  |g RCR 
942 |c BK